000 00637nam a2200229 u 4500
005 20241023063850.0
008 170120s2007 mx r 000 0 spa d
020 _a9789703706594
035 _aUPN01000215420
049 _aI
050 4 _aQH430
_bW8.2
100 1 _aWright, Lee-Ann
_939068
245 1 0 _aADN /
_cLee-Ann Wright ; tr. María del Pillar Carril.
260 _aMéxico :
_bPlaneta,
_c2007.
300 _a32 p. :
_bil. col.
440 0 _aDestino
650 2 _aGenética
_914893
650 2 _aEvolución (Biología)
_912397
650 4 _aLibros y lectura para niños
_92290
905 _aInfantil
999 _c187520
_d187520